000 00639cam a2200205 a 4500
001 000014997
005 20200929163933.0
008 830709s1979 mx 000 0 spa
020 _a9682300320
040 _aDO-SdBNP
_bspa
_cBNPHU
082 _a791.43
_bS684c, 1979
100 1 _aSolanas, Fernando E.
_933952
245 1 0 _aCine, cultura y descolonización /
_cFernando E. Solanas y Octavio Getino.
250 _a3a ed.
260 _aMéxico :
_bSiglo Veintiuno,
_c1979.
300 _a204 p. ;
_c18 cm.
650 4 _aCine
_xHistoria
_zArgentina
_933953
650 4 _aCine y política
_zArgentina
_933954
700 1 _aGetino, Octavio
_933955
999 _c14570
_d14570